Wanted: rowing coach

Saved in:
書目詳細資料
主要作者: Lewis, Brad Alan (Author)
格式: 圖書
語言:英语
出版: San Diego Shark Press 2007
版:2a. ed
主題:
標簽: 添加標簽
沒有標簽, 成為第一個標記此記錄!

MARC

LEADER 00000nam a2200000 a 4500
001 UCH2547
003 CL-VaPUC
008 090618e20070000US |||||||||||||||||eng|d
020 |a 1888478020 
082 0 4 |a 797.123  |b LEW  |2 21 
100 0 |a Lewis, Brad Alan  |e author  |9 537412 
245 1 0 |a Wanted: rowing coach 
250 |a 2a. ed 
300 |a 193 p 
942 |c BK 
945 |d 20090618 00:00:00  |a cmena 
260 |a San Diego  |b Shark Press  |c 2007 
650 7 |a REMO  |2 CL-VaPUC  |9 537214 
650 7 |a ENTRENADORES  |2 CL-VaPUC  |9 341949 
650 0 |a Motivación   |9 315362 
650 7 |a ENTRENAMIENTO ATLETICO  |2 CL-VaPUC  |9 537413 
650 0 |a Métodos de enseñanza  |9 270413 
583 |a last modification  |c 20090618 00:00:00  |k Rodrigo Vera 
999 |c 334273  |d 334271 
952 |0 0  |1 0  |4 0  |6 797_123000000000000_LEW_2007  |7 0  |8 C  |9 423222  |a BIBCUR  |b BIBCUR  |d 2019-11-22  |i 456345K  |o 797.123 LEW 2007  |p 456345K  |r 2025-04-22  |w 2019-11-22  |y BK  |k DEN